Les recherches qualitatives en santé (notice n° 2198678)

détails MARC
000 -LEADER
fixed length control field 01911cam a2200169 4500500
005 - DATE AND TIME OF LATEST TRANSACTION
control field 20260405085558.0
041 ## - LANGUAGE CODE
Language code of text/sound track or separate title fre
042 ## - AUTHENTICATION CODE
Authentication code dc
100 10 - MAIN ENTRY--PERSONAL NAME
Personal name Kivits, Joëlle
Relator term author
245 00 - TITLE STATEMENT
Title Les recherches qualitatives en santé
260 ## - PUBLICATION, DISTRIBUTION, ETC.
Name of publisher, distributor, etc. Armand Colin,<br/>
Date of publication, distribution, etc. 2023.<br/>
520 ## - SUMMARY, ETC.
Summary, etc. Les recherches dans le domaine de la santé recourent de plus en plus fréquemment à des approches qualitatives visant à comprendre des phénomènes sociaux, tels que des représentations, des pratiques, des organisations ou des politiques, à partir de l’étude de discours, d’actions et d’interactions. La connaissance y est envisagée comme une construction, liée à des approches théoriques et empiriques rigoureuses. Leur enseignement a donc un rôle essentiel à jouer dans le développement actuel de la recherche en santé. Ce manuel est à la fois théorique et pratique. Il rappelle l’ancrage historique et disciplinaire des recherches qualitatives en santé et présente ensuite les méthodes de recherche qualitative en exposant leurs fondements, leurs principes, leurs outils et leurs pratiques appliqués à la santé. Il aborde également des questions centrales pour les recherches en santé  : les enjeux éthiques, l’interdisciplinarité, les recherches participatives ou encore les manières d’écrire un protocole et de publier ses résultats. Enfin, il illustre la mise en œuvre de ces méthodes à travers des exemples détaillés de recherches qualitatives en santé menées dans différents domaines et selon des approches variées. Il donne ainsi les moyens d’élaborer, selon son niveau, un travail de recherche qualitative.
700 10 - ADDED ENTRY--PERSONAL NAME
Personal name Balard, Frédéric
Relator term author
700 10 - ADDED ENTRY--PERSONAL NAME
Personal name Fournier, Cécile
Relator term author
700 10 - ADDED ENTRY--PERSONAL NAME
Personal name Winance, Myriam
Relator term author
856 41 - ELECTRONIC LOCATION AND ACCESS
Uniform Resource Identifier <a href="https://stm.cairn.info/les-recherches-qualitatives-en-sante--9782200631970?lang=fr&redirect-ssocas=7080">https://stm.cairn.info/les-recherches-qualitatives-en-sante--9782200631970?lang=fr&redirect-ssocas=7080</a>

Pas d'exemplaire disponible.

PLUDOC

PLUDOC est la plateforme unique et centralisée de gestion des bibliothèques physiques et numériques de Guinée administré par le CEDUST. Elle est la plus grande base de données de ressources documentaires pour les Étudiants, Enseignants chercheurs et Chercheurs de Guinée.

Adresse

627 919 101/664 919 101

25 boulevard du commerce
Kaloum, Conakry, Guinée

Réseaux sociaux

Powered by Netsen Group @ 2025